[Event "AUTO-INT-1440"]
[Site "http://www.queenalice.com/game.php?id=649116"]
[Date "2009.9.8"]
[Round "1"]
[White "gdc"]
[Black "schachmattorwieorwatt"]
[Result "1-0"]
[WhiteElo "1401"]
[BlackElo "1435"]

1. e4 e5 2. Nf3 d6 3. d3 h6 4. Be3 Nc6 5. Nbd2 Be6 6. h3 f6 7. Be2 d5 8. O-O d4
9. Nxd4 exd4 10. Bf4 Bd6 11. Bxd6 Qxd6 12. Bh5+ Bf7 13. Nc4 Qd7 14. Re1 Ne5 15.
f4 Nxc4 16. dxc4 O-O-O 17. Bg4 Be6 18. b3 h5 19. Bf5 Bxf5 20. exf5 Qxf5 21. g3
Qxh3 22. Qf3 Qf5 23. Qe2 Nh6 24. Rac1 Qc5 25. Kg2 Qc6+ 26. Kg1 Rhe8 27. Qxh5
Rxe1+ 28. Rxe1 Qd7 29. a4 c6 30. Kg2 1-0

[Event "AUTO-INT-1440"]
[Site "http://www.queenalice.com/game.php?id=649117"]
[Date "2009.9.8"]
[Round "1"]
[White "schachmattorwieorwatt"]
[Black "gdc"]
[Result "0-1"]
[WhiteElo "1454"]
[BlackElo "1382"]

1. e4 e5 2. Nf3 Nc6 3. Bb5 a6 4. Ba4 b5 5. Bb3 Nf6 6. d3 h6 7. O-O Be7 8. c3 Bb7
9. d4 d6 10. Re1 O-O 11. d5 Na5 12. Bc2 Nc4 13. b3 Nb6 14. Bd3 Bc8 15. Be2 Bg4
16. Nh4 Nxe4 17. Bxg4 Nxf2 18. Kxf2 Bxh4+ 19. g3 Qf6+ 20. Kg2 Bg5 21. Be3 Bxe3
22. Rxe3 Qg5 23. Qf3 Rae8 24. b4 Nc4 25. Re4 f5 26. Rf4 exf4 27. gxf4 Qxg4+ 28.
Qxg4 fxg4 29. Kf2 Rxf4+ 30. Kg3 g5 31. h3 Re3+ 0-1

[Event "Challenge"]
[Site "http://www.queenalice.com/game.php?id=688004"]
[Date "2009.11.24"]
[Round "-"]
[White "FENIX_RJ"]
[Black "gdc"]
[Result "0-1"]
[WhiteElo "1516"]
[BlackElo "1460"]

1. e4 e5 2. Nc3 Bc5 3. Bc4 Nf6 4. Nh3 d6 5. O-O Bxh3 6. Qf3 Be6 7. Nd5 Bxd5 8.
Bxd5 Nxd5 9. exd5 O-O 10. Qg3 Qf6 11. d3 c6 12. Bg5 Qg6 13. Rad1 cxd5 14. c3 h6
15. b4 Bxf2+ 16. Rxf2 Qxg5 17. Qf3 e4 18. dxe4 dxe4 19. Qxe4 Nc6 20. Rf5 Qe7 21.
Qc4 Qe3+ 22. Rf2 Rae8 23. Rf1 Ne5 24. Qc7 Ng4 25. Qxd6 Nxf2 26. Rxf2 Rd8 0-1

[Event "AUTO-OPEN-1789"]
[Site "http://www.queenalice.com/game.php?id=694448"]
[Date "2009.12.7"]
[Round "1"]
[White "flopp"]
[Black "gdc"]
[Result "0-1"]
[WhiteElo "1865"]
[BlackElo "1416"]

1. e4 e5 2. Nf3 Nc6 3. Bc4 Nf6 4. Ng5 d5 5. exd5 Nxd5 6. Qf3 Qxg5 7. Bxd5 Bd6 8.
Qxf7+ Kd8 9. Qf3 Bd7 10. O-O Qh6 11. d3 Qh4 12. Be3 e4 0-1

[Event "AUTO-OPEN-1789"]
[Site "http://www.queenalice.com/game.php?id=694449"]
[Date "2009.12.7"]
[Round "1"]
[White "gdc"]
[Black "flopp"]
[Result "1/2-1/2"]
[WhiteElo "1446"]
[BlackElo "1866"]

1. e4 e5 2. Nf3 Nc6 3. Bb5 a6 4. Ba4 Nf6 5. O-O Be7 6. Re1 d6 7. Bxc6+ bxc6 8.
Nc3 Bg4 9. h3 Bh5 10. d3 O-O 11. Bg5 h6 12. Be3 Rb8 13. Rb1 Nh7 14. d4 Bg5 15.
dxe5 Bxe3 16. Rxe3 Bxf3 17. Rxf3 dxe5 18. Qe2 Ra8 19. Rd1 Qe7 20. Rfd3 Rad8 21.
Rxd8 Rxd8 22. Rxd8+ Qxd8 23. Qxa6 Qd7 24. Qa8+ 1/2-1/2

[Event "AUTO-OPEN-1789"]
[Site "http://www.queenalice.com/game.php?id=694466"]
[Date "2009.12.7"]
[Round "1"]
[White "gdc"]
[Black "rodriguesr"]
[Result "0-1"]
[WhiteElo "1446"]
[BlackElo "1859"]

1. e4 e5 2. Nf3 Nc6 3. Bb5 a6 4. Ba4 b5 5. Bb3 Bc5 6. O-O Nf6 7. d3 O-O 8. h3 d6
9. a3 Be6 10. Bxe6 fxe6 11. Bg5 Qe8 12. Nbd2 Qg6 13. b4 Bb6 14. Re1 Nh5 15. c3
h6 16. Bh4 Nf4 17. Bg3 Qxg3 18. Nh4 Nxh3+ 19. Kh1 Nxf2+ 0-1

[Event "AUTO-OPEN-1789"]
[Site "http://www.queenalice.com/game.php?id=694467"]
[Date "2009.12.7"]
[Round "1"]
[White "rodriguesr"]
[Black "gdc"]
[Result "1-0"]
[WhiteElo "1938"]
[BlackElo "1460"]

1. c4 Nf6 2. Nc3 e5 3. d3 Nc6 4. g3 Bb4 5. Bg2 Bxc3+ 6. bxc3 O-O 7. Ba3 d6 8.
Nf3 Bg4 9. O-O a6 10. Rb1 b6 11. h3 Bh5 12. g4 Bg6 13. Nh4 Qd7 14. Qa4 d5 15.
cxd5 Nxd5 16. Bxf8 Kxf8 17. Nxg6+ hxg6 18. c4 Nc3 19. Qxc6 Qxc6 20. Bxc6 Nxe2+
21. Kh1 Rd8 22. Be4 Nc3 23. Rb3 Nxa2 24. Ra1 1-0

[Event "Challenge"]
[Site "http://www.queenalice.com/game.php?id=702678"]
[Date "2009.12.24"]
[Round "-"]
[White "GuiGui1993"]
[Black "gdc"]
[Result "0-1"]
[WhiteElo "1557"]
[BlackElo "1512"]

1. e4 e5 2. Bc4 Bc5 3. Ne2 Nf6 4. d3 Ng4 5. O-O Qf6 6. Be3 Nxe3 7. fxe3 Bxe3+ 8.
Kh1 Bf4 9. g3 Bg5 10. Rxf6 Bxf6 11. c3 O-O 12. d4 a6 13. Nd2 b5 14. Bb3 Bb7 15.
d5 c6 16. Nf1 a5 17. Ne3 a4 18. Bc2 d6 19. c4 Bg5 20. Nf5 bxc4 21. Nxd6 Ba6 22.
dxc6 Nxc6 23. Qd5 Nb4 24. Qd1 Rad8 25. Bxa4 Be7 26. a3 Nd3 27. Qf1 Bxd6 28. Nc3
Nxb2 29. Bc6 Rc8 30. Bd5 Nd3 31. Ra2 Bc5 32. a4 Bb4 33. Nd1 c3 34. Ne3 Bc5 35.
Ng4 Nb4 36. Qa1 Nxa2 37. Qxa2 Bd4 38. Qc2 Rfd8 39. h4 Rb8 40. Qd1 Rb2 41. Qf3
Rb1+ 42. Kg2 Bf1+ 43. Kh2 Rb2+ 44. Kh1 Bg2+ 45. Qxg2 Rxg2 46. Kxg2 c2 0-1

[Event "Challenge"]
[Site "http://www.queenalice.com/game.php?id=702679"]
[Date "2009.12.24"]
[Round "-"]
[White "GuiGui1993"]
[Black "gdc"]
[Result "1-0"]
[WhiteElo "1409"]
[BlackElo "1512"]

1. e4 e5 2. Bc4 Nf6 3. d3 h6 4. Ne2 Bc5 5. O-O Nc6 6. c3 d6 7. Nd2 O-O 8. a4 Ng4
9. h3 Bxf2+ 10. Rxf2 Nxf2 11. Kxf2 Qh4+ 12. Kg1 a6 13. Nf3 Qh5 14. Ng3 Qg6 15.
Nh4 Qxg3 16. Nf5 Bxf5 17. exf5 Qh4 18. Be3 Ne7 19. Qf3 Qf6 20. Qxb7 Nxf5 21. Rf1
Qg6 22. Bd2 Ng3 23. Bxf7+ Rxf7 24. Qxa8+ Kh7 25. Rxf7 Qxf7 26. Qxa6 Ne2+ 27. Kh2
Qf1 28. Be3 Nf4 29. Qc6 Qxg2+ 30. Qxg2 Nxg2 31. Kxg2 Kg6 32. a5 Kf7 33. a6 1-0

[Event "AUTO-INT-1576"]
[Site "http://www.queenalice.com/game.php?id=713022"]
[Date "2010.1.13"]
[Round "1"]
[White "ananda"]
[Black "gdc"]
[Result "0-1"]
[WhiteElo "1504"]
[BlackElo "1546"]

1. Nf3 d5 2. d4 c5 3. dxc5 Nc6 4. e3 a6 5. Be2 e5 6. O-O Bxc5 7. c3 Nf6 8. b4
Ba7 9. Ba3 b5 10. Nbd2 O-O 11. Bb2 Re8 0-1

[Event "AUTO-INT-1576"]
[Site "http://www.queenalice.com/game.php?id=713023"]
[Date "2010.1.13"]
[Round "1"]
[White "gdc"]
[Black "ananda"]
[Result "1-0"]
[WhiteElo "1530"]
[BlackElo "1520"]

1. e4 e5 2. Nf3 Nc6 3. Bc4 Bc5 4. d4 Nxd4 5. Ng5 Ne6 6. Qf3 Nf6 7. O-O O-O 8.
Nc3 h6 9. Nxe6 fxe6 10. Qg3 Kh7 11. Rd1 Nh5 12. Qd3 1-0

[Event "AUTO-INT-1576"]
[Site "http://www.queenalice.com/game.php?id=713040"]
[Date "2010.1.13"]
[Round "1"]
[White "gdc"]
[Black "BEIGEBOOK"]
[Result "0-1"]
[WhiteElo "1560"]
[BlackElo "1999"]

1. e4 c6 2. c4 e5 3. Nf3 Nf6 4. d3 Bb4+ 5. Bd2 Bxd2+ 6. Nbxd2 d6 7. h3 O-O 8.
Be2 Nbd7 9. O-O Qb6 10. Nb3 Re8 11. Qc2 Qc7 12. Rfd1 Nf8 13. Nh4 Ne6 14. Bf3 a6
15. Nf5 b6 16. d4 Ng5 17. Nd2 Bxf5 18. dxe5 Nfxe4 19. Nxe4 Rxe5 20. Re1 Rae8 21.
h4 Nxe4 22. g4 Ng5 23. Rxe5 Nxf3+ 24. Kf1 dxe5 25. Qxf5 e4 26. h5 Rd8 27. Qxe4
Nd2+ 0-1

[Event "AUTO-INT-1576"]
[Site "http://www.queenalice.com/game.php?id=713041"]
[Date "2010.1.13"]
[Round "1"]
[White "BEIGEBOOK"]
[Black "gdc"]
[Result "1-0"]
[WhiteElo "1914"]
[BlackElo "1560"]

1. d4 Nf6 2. Bf4 d5 3. e3 Bg4 4. Qd3 a6 5. Qb3 b5 6. a4 c6 7. axb5 cxb5 8. Bxb5+
Bd7 9. Be2 h6 10. Nc3 e6 11. Nb5 Bxb5 12. Bxb5+ Nfd7 13. Nf3 Qb6 14. Ne5 Bd6 15.
Nxd7 Qxb5 16. Qxb5 axb5 17. Rxa8 Kxd7 18. Ra7+ Kc6 19. Bxd6 Kxd6 20. Rxf7 g5 21.
Kd2 Nc6 22. Ra1 e5 23. Rf6+ Kd7 24. dxe5 Nxe5 25. Ra7+ 1-0

[Event "AUTO-INT-1576"]
[Site "http://www.queenalice.com/game.php?id=713042"]
[Date "2010.1.13"]
[Round "1"]
[White "gdc"]
[Black "KAXY"]
[Result "0-1"]
[WhiteElo "1550"]
[BlackElo "1756"]

1. e4 e5 2. Nf3 d6 3. Bc4 Nd7 4. d4 Nb6 5. Bb3 exd4 6. Qxd4 Ne7 7. Ng5 d5 8. O-O
Be6 9. Bf4 dxe4 10. Qxd8+ Rxd8 11. Bxc7 Rd7 12. Bxb6 axb6 13. Bxe6 fxe6 14. Nxe6
Kf7 15. Ng5+ Kg6 16. Nxe4 Nc6 17. Nbc3 Bc5 18. a3 Re8 0-1

[Event "AUTO-INT-1576"]
[Site "http://www.queenalice.com/game.php?id=713043"]
[Date "2010.1.13"]
[Round "1"]
[White "KAXY"]
[Black "gdc"]
[Result "1-0"]
[WhiteElo "1748"]
[BlackElo "1558"]

1. d4 Nf6 2. Nc3 d5 3. e3 a6 4. Nge2 Bg4 5. f3 Bd7 6. Ng3 e6 7. a3 Be7 8. Bd3 c5
9. Bd2 cxd4 10. exd4 Qb6 11. Be3 Qxb2 12. Nce2 Qb6 13. O-O h6 14. Nf4 O-O 15. c4
dxc4 16. Bxc4 Qc7 17. Rc1 Qa5 18. Ra1 Bxa3 19. Bd2 1-0

[Event "AUTO-OPEN-2020"]
[Site "http://www.queenalice.com/game.php?id=795071"]
[Date "2010.6.26"]
[Round "1"]
[White "gdc"]
[Black "Sportolna"]
[Result "0-1"]
[WhiteElo "1534"]
[BlackElo "1554"]

1. e4 e5 2. Nf3 d6 3. Bc4 Bg4 4. O-O Nf6 5. d3 c6 6. Bg5 b5 7. Bb3 h6 8. Bh4 g5
9. Bxg5 hxg5 10. Nbd2 Bxf3 11. Qxf3 Bh6 12. Rfe1 Nbd7 13. a4 Qa5 14. Rad1 g4 15.
Qf5 O-O-O 16. c3 Bf4 17. g3 Rh5 18. gxf4 Rxf5 19. exf5 exf4 20. axb5 Qxb5 0-1

[Event "AUTO-OPEN-2020"]
[Site "http://www.queenalice.com/game.php?id=795072"]
[Date "2010.6.26"]
[Round "1"]
[White "Sportolna"]
[Black "gdc"]
[Result "1-0"]
[WhiteElo "1569"]
[BlackElo "1519"]

1. e4 e5 2. Nf3 Nc6 3. Bc4 Bc5 4. c3 d6 5. Qb3 Nf6 6. Ng5 d5 7. exd5 Na5 8. Qb5+
c6 9. Qxc5 b6 10. Qb4 Nxc4 11. Qxc4 cxd5 12. Qc6+ Bd7 13. Qxd5 Nxd5 14. Ne4 Bb5
15. g3 O-O 16. d3 Bxd3 17. f3 Bxb1 18. Rxb1 f5 19. Bg5 Nf6 20. Rd1 Qb8 21. Bxf6
fxe4 22. Bg5 1-0

[Event "AUTO-OPEN-2020"]
[Site "http://www.queenalice.com/game.php?id=795073"]
[Date "2010.6.26"]
[Round "1"]
[White "gdc"]
[Black "FabioSelinger"]
[Result "0-1"]
[WhiteElo "1537"]
[BlackElo "1866"]

1. e4 c6 2. c4 d5 3. cxd5 cxd5 4. e5 d4 5. Qa4+ Nc6 6. Nf3 e6 7. Bb5 Bd7 8. Bxc6
Bxc6 9. Qxd4 Bxf3 10. Qxd8+ Rxd8 11. gxf3 Ne7 12. Nc3 a6 13. b4 Nc6 14. a3 Nxe5
15. f4 Nd3+ 16. Kf1 Nxc1 17. Rxc1 Rxd2 18. Ne4 Rd4 19. Rc8+ Kd7 20. Rc1 Rxe4 21.
Kg2 g6 22. Rhd1+ Bd6 23. Kf3 Rxf4+ 24. Kg2 Ke7 0-1

[Event "AUTO-OPEN-2020"]
[Site "http://www.queenalice.com/game.php?id=795074"]
[Date "2010.6.26"]
[Round "1"]
[White "FabioSelinger"]
[Black "gdc"]
[Result "1-0"]
[WhiteElo "1863"]
[BlackElo "1540"]

1. e4 e5 2. Nf3 Nc6 3. d4 Nf6 4. dxe5 Nxe4 5. Bc4 Bb4+ 6. c3 Bc5 7. Qd5 Bxf2+ 8.
Kf1 O-O 9. Qxe4 Bc5 10. b4 Bb6 11. Ng5 g6 12. Nf3 Qe7 13. Bg5 Qe8 14. Bh6 d6 15.
Bxf8 Kxf8 16. e6 f5 17. Qh4 Bxe6 18. Qf6+ Qf7 19. Qxe6 Qg7 20. Nbd2 Re8 21. Qf7+
Qxf7 22. Bxf7 Kxf7 23. Re1 Ne5 24. Nxe5+ 1-0